Δήμοι της Ελλάδας που Αρχίζουν από Ε - Statistics

General Stats
  • This quiz has been taken 5 times
  • The average score is 3 of 12
Answer Stats
Δήμος % Correct
Ελασσόνας
60%
Ερέτριας
60%
Έδεσσας
40%
Ελευσίνας
40%
Εμμανουήλ Παππά
40%
Ελαφονήσου
20%
Ελληνικού-Αργυρούπολης
20%
Ερυμάνθου
20%
Ευρώτα
20%
Εορδαίας
0%
Επιδαύρου
0%
Ερμιονίδας
0%
No matching quizzes found
Score Distribution
Percent of People with Each Score
Percentile by Number Answered
Your Score History
You have not taken this quiz